Advanced physics (Record no. 243001)

MARC details
000 -LEADER
fixed length control field 00518nam a2200205Ia 4500
008 - FIXED-LENGTH DATA ELEMENTS--GENERAL INFORMATION
fixed length control field 191130s2004##################000#0#eng##
020 ## - INTERNATIONAL STANDARD BOOK NUMBER
ISBN 9780719576690
082 ## - DEWEY DECIMAL CLASSIFICATION NUMBER
Classification number 530 DUN
100 ## - MAIN ENTRY--AUTHOR NAME
Personal name Duncan, Tom
245 ## - TITLE STATEMENT
Title Advanced physics
Statement of responsibility, etc Tom Duncan
250 ## - EDITION STATEMENT
Edition statement 5th ed
260 ## - PUBLICATION, DISTRIBUTION, ETC. (IMPRINT)
Place of publication London
Name of publisher John Murray (Publishers) Ltd
Year of publication 2004
300 ## - PHYSICAL DESCRIPTION
Number of Pages ix,587 p
500 ## - GENERAL NOTE
General note Includes index
650 ## - SUBJECT ADDED ENTRY--TOPICAL TERM
Topical Term Physics
991 ## -
-- 361590
Holdings
Withdrawn status Lost status Damaged status Not for loan Home library Current library Shelving location Date acquired Full call number Accession Number Price effective from Koha item type
        Anna Centenary Library Anna Centenary Library 5TH FLOOR, A WING 13.10.2020 530 DUN 99839 13.10.2020 English Books

Find us on the map